[Event "CRO-chT3 Center-A"]
[Site "Zagreb"]
[Date "2011.03.27"]
[Round "3.25"]
[White "Causevic, Vlado"]
[Black "Maslac, Zvonimir"]
[Result "1/2-1/2"]
[WhiteElo "2138"]
[BlackElo "2114"]
[PlyCount "153"]
[EventDate "2011.03.13"]
[EventType "team-tourn"]
[EventRounds "11"]
[EventCountry "CRO"]
[SourceTitle "EXT 2014"]
[Source "ChessBase"]
[SourceDate "2013.11.20"]
[SourceVersion "1"]
[SourceVersionDate "2013.11.20"]
[SourceQuality "1"]

1. e4 c6 2. d3 e5 3. Nf3 d6 4. g3 Be7 5. Bg2 Nf6 6. 0-0 0-0 7. Nbd2 Qc7 8. Re1 Nbd7 9. Nc4 Rd8 10. b3 b5 11. Ne3 g6 12. c4 a6 13. Qc2 Qb6 14. Bb2 Ne8 15. Rad1 Bb7 16. h4 Ng7 17. d4 f6 18. Rd2 Rac8 19. Bh3 Qc7 20. Red1 Nf8 21. Bxc8 Bxc8 22. cxb5 axb5 23. Nd5 Qb7 24. Qxc6 Re8 25. Qxb7 Bxb7 26. dxe5 dxe5 27. Rc2 Nge6 28. Rdc1 Kf7 29. Nxe7 Rxe7 30. Ba3 Rd7 31. Rd2 Rxd2 32. Nxd2 Nd7 33. f3 f5 34. Kf2 Ke8 35. Bd6 Kf7 36. a4 bxa4 37. bxa4 Nd8 38. a5 Ke6 39. Bc7 Nc6 40. a6 Ba8 41. Ke3 h6 42. Nc4 g5 43. exf5+ Kxf5 44. g4+ Ke6 45. hxg5 hxg5 46. Nb6 Nxb6 47. Bxb6 Kd5 48. a7 Kd6 49. Bd8 Bb7 50. Bxg5 Nxa7 51. f4 Nc6 52. Rd1+ Kc5 53. f5 Nd4 54. f6 Bd5 55. Bh6 Kd6 56. Rf1 Bf7 57. Bf8+ Ke6 58. Be7 Bg6 59. Bc5 Nb5 60. g5 Nc7 61. Kd2 Nd5 62. Be3 Bf7 63. Rh1 Bg6 64. Rh6 Kf5 65. Rh8 Nxe3 66. Kxe3 Kxg5 67. Rf8 Kf5 68. f7 Kf6 69. Re8 Bxf7 70. Rxe5 Be6 71. Kf4 Bh3 72. Rh5 Bc8 73. Rh8 Be6 74. Rh6+ Kf7 75. Ke5 Bg4 76. Rh2 Bc8 77. Rf2+ 1/2-1/2

[Event "CRO-chT3A Center"]
[Site "Zagreb"]
[Date "2010.03.21"]
[Round "1.44"]
[White "Mrksic, Branko"]
[Black "Causevic, Vlado"]
[Result "1/2-1/2"]
[WhiteElo "2174"]
[BlackElo "2164"]
[PlyCount "44"]
[EventDate "2010.03.21"]
[EventType "team-tourn"]
[EventRounds "11"]
[EventCountry "CRO"]
[SourceTitle "EXT 2012"]
[Source "ChessBase"]
[SourceDate "2011.11.24"]
[SourceVersion "1"]
[SourceVersionDate "2011.11.24"]
[SourceQuality "1"]

1. e4 e6 2. d4 d5 3. Nc3 Nf6 4. Bg5 Be7 5. e5 Nfd7 6. h4 a6 7. Qg4 f6 8. Bf4 fxe5 9. dxe5 0-0 10. Qxe6+ Kh8 11. Nxd5 Bc5 12. 0-0-0 Nf6 13. Nxf6 Qxd1+ 14. Kxd1 Bxe6 15. Ne4 Bxf2 16. Nxf2 Rxf4 17. Nf3 Nc6 18. Nd3 Rd8 19. Kc1 Rff8 20. Nc5 Bc8 21. Bc4 Rxf3 22. gxf3 Nxe5 1/2-1/2

[Event "CRO-chT3"]
[Site "Zagreb"]
[Date "2009.04.26"]
[Round "6"]
[White "Jankovic, Mirko"]
[Black "Causevic, Vlado"]
[Result "1-0"]
[WhiteElo "2032"]
[BlackElo "2138"]
[PlyCount "101"]
[EventDate "2009.03.08"]
[EventType "team-tourn"]
[EventRounds "9"]
[EventCountry "CRO"]
[SourceTitle "EXT 2011"]
[Source "ChessBase"]
[SourceDate "2010.11.26"]
[SourceVersion "1"]
[SourceVersionDate "2010.11.26"]
[SourceQuality "1"]

1. e4 c5 2. Nf3 d6 3. d4 cxd4 4. Nxd4 Nf6 5. Nc3 g6 6. Be3 Bg7 7. f3 0-0 8. Bc4 Nc6 9. Qd2 Bd7 10. 0-0-0 Rc8 11. Bb3 Ne5 12. Kb1 Nc4 13. Bxc4 Rxc4 14. g4 b5 15. h4 b4 16. Nd5 Nxd5 17. exd5 Qa5 18. Nb3 Qc7 19. Bh6 Be5 20. Bxf8 Kxf8 21. h5 a5 22. hxg6 hxg6 23. Rh7 e6 24. Qh6+ Ke8 25. Rh8+ Bxh8 26. Qxh8+ Ke7 27. dxe6 Bxe6 28. Nd4 Qc8 29. Qh4+ Kd7 30. Qf6 Qe8 31. Nb5 Rc6 32. Qf4 Qe7 33. Qd4 d5 34. Qa7+ Ke8 35. Qb8+ Qd8 36. Qe5 Qe7 37. Rh1 Kd7 38. Qb8 Qc5 39. Qb7+ Rc7 40. Nxc7 Qxc7 41. Qb5+ Ke7 42. Rd1 Qf4 43. Qc5+ Kf6 44. Qd4+ Qxd4 45. Rxd4 Ke5 46. c3 bxc3 47. bxc3 g5 48. Kc2 Bd7 49. Kd2 f5 50. gxf5 Bxf5 51. Ra4 1-0

[Event "CRO-chT3"]
[Site "Zagreb"]
[Date "2008.03.30"]
[Round "1"]
[White "Causevic, Vlado"]
[Black "Kamenecki, Stjepan"]
[Result "1-0"]
[WhiteElo "2136"]
[BlackElo "1959"]
[PlyCount "57"]
[EventDate "2008.03.30"]
[EventType "team-tourn"]
[EventRounds "9"]
[EventCountry "CRO"]
[SourceTitle "EXT 2011"]
[Source "ChessBase"]
[SourceDate "2010.11.26"]
[SourceVersion "1"]
[SourceVersionDate "2010.11.26"]
[SourceQuality "1"]

1. d4 d5 2. Bg5 Nd7 3. c4 c6 4. Nc3 Ngf6 5. e3 e6 6. cxd5 cxd5 7. Nf3 Be7 8. Bd3 h6 9. Bh4 0-0 10. 0-0 a6 11. Rc1 Nh5 12. Bxe7 Qxe7 13. Ne5 Nhf6 14. f4 Rd8 15. g4 Nxe5 16. fxe5 Nh7 17. Qf3 Ng5 18. Qg3 Bd7 19. h4 Nh7 20. Rf2 g6 21. Rcf1 Be8 22. h5 g5 23. e4 Rac8 24. exd5 exd5 25. Qf3 Qb4 26. Nxd5 Qf8 27. Qf5 Qg7 28. Ne7+ Kh8 29. Nxc8 1-0

[Event "CRO-chT3 Center"]
[Site "Zagreb"]
[Date "2005.05.08"]
[Round "4.3"]
[White "Causevic, Vlado"]
[Black "Medic, Miljenko"]
[Result "1-0"]
[WhiteElo "2154"]
[BlackElo "2267"]
[PlyCount "91"]
[EventDate "2005.04.03"]
[EventType "team-tourn"]
[EventRounds "11"]
[EventCountry "CRO"]
[SourceTitle "EXT 2007"]
[Source "ChessBase"]
[SourceDate "2006.11.23"]
[SourceVersion "1"]
[SourceVersionDate "2006.11.23"]
[SourceQuality "1"]

1. e4 d6 2. d4 Nf6 3. Nc3 g6 4. Be2 Bg7 5. h4 h5 6. Bg5 c5 7. dxc5 Qa5 8. cxd6 Nxe4 9. dxe7 Nxg5 10. Qd8+ Qxd8 11. exd8Q+ Kxd8 12. 0-0-0+ Bd7 13. hxg5 Nc6 14. Nf3 Re8 15. Bc4 Bxc3 16. bxc3 Re7 17. Rhe1 Rxe1 18. Rxe1 Be8 19. Nd2 Kc7 20. Ne4 Ne5 21. Bb3 Bb5 22. Nf6 Kd6 23. Rd1+ Kc6 24. Rd4 Bf1 25. Bd5+ Kc7 26. Rd1 Bb5 27. f4 Ng4 28. Nxg4 hxg4 29. Bxf7 Rf8 30. Bxg6 Rxf4 31. Rd4 Rf1+ 32. Kb2 Bd7 33. Bh5 g3 34. g6 Be6 35. Re4 Bg8 36. Bf3 Kd7 37. Rg4 Ke7 38. Bxb7 Rf6 39. Bf3 Rb6+ 40. Kc1 Ra6 41. c4 Kf6 42. g7 Kf5 43. Rxg3 Rd6 44. Bd5 Rd8 45. Rf3+ Kg6 46. Rf8 1-0